Bilecik Bilecik Bilecik Bilecik Bilecik

Krallar ve başkanlarla 50 yıl/ (Record no. 37950)

MARC details
000 -BAŞLIK
Sabit Uzunluktaki Kontrol Alanı 01718nam a22003497a 4500
001 - KONTROL NUMARASI
Control Dosyası 0038097
003 - KONTROL NUMARASI KİMLİĞİ
Kontrol Alanı KOHA_MİRAKIL
005 - EN SON İŞLEM TARİHİ ve ZAMANI
Kontrol Alanı 20260207003050.0
007 - FİZİKSEL TANIM SABİT ALAN - GENEL BİLGİ
Sabit uzunluklu kontrol alanı ta
008 - SABİT UZUNLUKTAKİ VERİ ÖGELERİ - GENEL BİLGİ
Sabit Alan 120801b2012 tu a|||gr||||#0|||0|tur |
020 ## - ISBN - ULUSLARARASI STANDART KİTAP NUMARASI
Isbn 9789758211067
Nitelik bilgileri Tk.9789758211074
-- c.1
-- 9789758211098
-- c.2
-- 9789758211104
-- c.3
--
040 ## - KATALOGLAMA KAYNAĞI
Özgün Kataloglama Kurumu TR-BiSEU
Kataloglama Dili tur
Çeviri Kurumu TR-BiSEU
Açıklama Kuralları rda
041 0# - DİL KODU
Metin ya da ses kaydının dil kodu tur
044 ## - YAYINLAYAN/ÜRETEN KURULUŞUN ÜLKE KODU
ISO country code tu
050 ## - SINIFLAMA ve YER NUMARASI
Sınıflama Numarası DR603
Yer Numarası .A33 2012
100 1# - KİŞİ ADI
Yazar Adı (Kişi adı) Akdoğan, Lütfü.
245 1# - ESER ADI BİLDİRİMİ
Başlık Krallar ve başkanlarla 50 yıl/
Sorumluluk Bildirimi Lütfü Akdoğan ; Lütfü Akdoğan; editör. Nazan Temel.
264 #1 - ÜRERİM, YAYIN, DAĞITIM ve TELİF BİLDİRİMİ
Yayın yeri İstanbul :
Yayınlayan Gazeteciler Cemiyeti
Yayın tarihi 2012
300 ## - FİZİKSEL TANIMLAMA
Sayfa, Cilt vb. c.3, 284 sayfa :
Diğer fiziki detaylar resimli ;
Boyutları 24 cm.
336 ## - İÇERİK TÜRÜ
Content type term metin
Content type code txt
Source rdacontent
337 ## - MEDYA TÜRÜ
Media type term aracısız
Media type code n
Source rdamedia
338 ## - TAŞIYICI TÜRÜ
Carrier type term cilt
Carrier type code nc
Source rdacarrier
505 ## - İÇİNDEKİLER NOTU
İçindekiler Notu 1.c.1950-1960'lı yıllarda Bâbıâli'de hayat. -- Tanin ve Tercüman gazetelerinin öyküsü. -- Orta Doğu'da savaş muhabirliği yılları. -- Gazetecilikten milletvekilliğine giden yol. 2.c.1965-1969 yıllarında TBMM anıları.-- 1960-1970'li yıllarda Orta Doğu savaşları.-- Cihan Sedat'la gerçekleştirilen özel söyleşi.-- Leyla Halit, yaşam öyküsünü anlatıyor. 3.c. Siyaseti bıraktım, mesleğime geri döndüm.-- Demirel, beş defa gitti, altı defa geldi.-- O koskoca tercüman imparatorluğu yıkıldı.-- Orta Doğu yine gündemin ilk sırasındaydı.
650 #0 - KONU BAŞLIĞI EK GİRİŞ - KONU TERİMİ
Konusal terim veya coğrafi ad Türkiye--Siyaset ve yönetim.
9 (RLIN) 7157
650 #0 - KONU BAŞLIĞI EK GİRİŞ - KONU TERİMİ
Konusal terim veya coğrafi ad Politikacılar--Türkiye.
9 (RLIN) 10620
650 #0 - KONU BAŞLIĞI EK GİRİŞ - KONU TERİMİ
Konusal terim veya coğrafi ad Gazetecilik--Türkiye.
9 (RLIN) 27355
650 #0 - KONU BAŞLIĞI EK GİRİŞ - KONU TERİMİ
Konusal terim veya coğrafi ad Turkey--politics and government.
9 (RLIN) 49180
650 #0 - KONU BAŞLIĞI EK GİRİŞ - KONU TERİMİ
Konusal terim veya coğrafi ad Journalism--Turkey.
9 (RLIN) 3207
650 #0 - KONU BAŞLIĞI EK GİRİŞ - KONU TERİMİ
Konusal terim veya coğrafi ad Politicians--Turkey.
9 (RLIN) 10619
907 ## - LOCAL DATA ELEMENT G, LDG (RLIN)
a Tarih
942 ## - EK GİRİŞ ÖGELERİ (KOHA)
Source of classification or shelving scheme Library of Congress Classification
Koha item type Book
Holdings
Materyal Türü Kalıcı Konum Mevcut Konum Raf Yeri Sınıflandırma Kaynağı Edinim Bilgisi Ana Konular Alt Konular Yer Numarası Cilt Bilgisi Demirbaş Numarası Fatura Tarihi Geri Çekilme Durumu Kayıp Durumu Hasarlı Durumu Kredi için değil Kayıt Tarih Toplam Ödünçverme Son Görülme Tarihi Son Kontrol Tarihi Genel / Bağış Notu
Book Prof. Dr. Azmi Özcan Kütüphanesi Prof. Dr. Azmi Özcan Kütüphanesi Uluğbey Salonu Library of Congress Classification Bağış DÜNYA TARİHİ (AVRUPA, ASYA, AFRİKA VB.) Balkan Yarımadası DR603 .A33 2012 c.3 0038097 02/02/2026         01/08/2012   05/12/2024 05/12/2024 Genel Bağış